[Event "30. Augsburger Friedensfest-Open"]
[Site "Augsburg"]
[Date "2025.08.08"]
[Round "3.40"]
[White "Simon, Jonathan"]
[Black "Kraemer, Max"]
[Result "0-1"]
[WhiteElo "1907"]
[BlackElo "1997"]
[EventDate "2025.08.07"]
[Time "09:30:00"]
[WhiteNrv "1907"]
[BlackNrv "1997"]
[WhiteTwz "1907"]
[BlackTwz "1997"]
[WhiteFideId "1271653"]
[BlackFideId "16211545"]
[WhiteNatFedId "10208573"]
[BlackNatFedId "10114551"]
[WhiteAttr "M"]
[BlackAttr "*"]
[WhiteTeam "SK 1928 Moembris"]
[BlackTeam "SK Caissa Augsburg"]

1.c4 Nf6 2.Nc3 g6 3.g3 Bg7 4.Bg2 O-O 5.e4 d6 6.Nge2 c5 7.O-O Nc6 8.a3 Ne8 
9.Rb1 Nc7 10.b4 Ne6 11.d3 Ncd4 12.Nxd4 Nxd4 13.Be3 Rb8 14.Qd2 a6 15.b5 Bd7
16.b6 e6 17.Bh6 Bxh6 18.Qxh6 Qf6 19.e5 Qxe5 20.Rfe1 Nf3+ 21.Bxf3 Qxc3 22.
Qf4 Qd4 23.Qxd4 cxd4 24.Rec1 Rfc8 25.Kg2 Bc6 26.Rb2 f5 27.h4 Kg7 28.Rbc2 
Bxf3+ 29.Kxf3 Rc5 30.Re2 e5 31.Rb1 Kf6 32.Rb4 Rbc8 33.Reb2 d5 34.cxd5 Rxd5
35.Ra4 Rdc5 36.Rab4 Rc3 37.R4b3 Rxb3 38.Rxb3 Rc3 39.Rxc3 dxc3 40.Ke2 Ke6 
41.f4 e4 42.dxe4 fxe4 43.g4 h5 0-1

[Event "30. Augsburger Friedensfest-Open"]
[Site "Augsburg"]
[Date "2025.08.08"]
[Round "3.41"]
[White "Vonach, Bernhard Dr."]
[Black "Hoeller, Armin"]
[Result "1-0"]
[WhiteElo "1843"]
[BlackElo "1976"]
[EventDate "2025.08.07"]
[Time "09:30:00"]
[WhiteNrv "1843"]
[BlackNrv "1976"]
[WhiteTwz "1843"]
[BlackTwz "1976"]
[WhiteFideId "4680243"]
[BlackFideId "24651923"]
[WhiteNatFedId "10231837"]
[BlackNatFedId "10085787"]
[WhiteAttr "*"]
[BlackAttr "M"]
[WhiteTeam "Sportfr.Windach e.V.1923"]
[BlackTeam "SK Weilheim e.V."]

1.Nf3 f5 2.d4 Nf6 3.g3 e6 4.Bg2 d5 5.Ne5 c5 6.c3 Nc6 7.f4 Qb6 8.e3 Be7 9.
Nd2 Nxe5 10.fxe5 Ne4 11.Nxe4 dxe4 12.Qb3 Qc6 13.c4 O-O 14.d5 Qa6 15.d6 Bg5
16.Qb5 Qxb5 17.cxb5 Bd7 18.Bf1 a6 19.bxa6 b5 20.Bd2 Rxa6 21.Be2 Bh6 22.a4 
g5 23.b4 Rc8 24.O-O Bg7 25.Bxb5 Bxb5 26.axb5 Rxa1 27.Rxa1 Bxe5 28.d7 Rb8 
29.Rd1 Rd8 30.Be1 c4 31.b6 c3 32.Rc1 Rxd7 33.Bxc3 Bd6 34.Rd1 Kf7 35.b7 Ke7
36.Rxd6 Rxb7 37.Rd1 Rb5 38.Kf2 e5 39.Ra1 Kd6 40.Ra5 Rd5 41.Rxd5+ Kxd5 42.
h3 h5 43.g4 hxg4 44.hxg4 f4 45.b5 f3 46.b6 Kc6 47.Bxe5 Kxb6 48.Bf6 Kc5 49.
Bxg5 Kd5 50.Bh4 Ke6 51.Bd8 Kf7 52.Kg3 Kg6 53.Bh4 1-0

[Event "30. Augsburger Friedensfest-Open"]
[Site "Augsburg"]
[Date "2025.08.08"]
[Round "3.42"]
[White "Beesk, Kevin"]
[Black "Boehm, Bruno"]
[Result "1-0"]
[WhiteElo "1972"]
[BlackElo "1848"]
[EventDate "2025.08.07"]
[Time "09:30:00"]
[WhiteNrv "1972"]
[BlackNrv "1848"]
[WhiteTwz "1972"]
[BlackTwz "1848"]
[WhiteFideId "1271882"]
[BlackFideId "4699238"]
[WhiteNatFedId "10011885"]
[BlackNatFedId "10019158"]
[WhiteAttr "M"]
[BlackAttr "M"]
[WhiteTeam "SF Augsburg"]
[BlackTeam "SK Freising"]

1.e4 c5 2.Nf3 e6 3.d4 cxd4 4.Nxd4 Nc6 5.Nc3 a6 6.g3 Nge7 7.Bg2 Nxd4 8.Qxd4
Nc6 9.Qe3 b5 10.O-O Bb7 11.b3 Rc8 12.Bb2 Na5 13.Rac1 Bc5 14.Qd2 O-O 15.Ne2
d5 16.exd5 exd5 17.Rfd1 Qb6 18.Nd4 Be7 19.Bh3 h6 20.Bxc8 Bxc8 21.Kg2 Bf6 
22.Bc3 Nb7 23.Nf3 Bxc3 24.Qxc3 Be6 25.Qd4 Qc6 26.Ne5 Qc7 27.Re1 Nd6 28.Nd3
Nf5 29.Qe5 Qc6 30.Nf4 Bd7 31.Qxd5 Qxd5+ 32.Nxd5 Bc6 33.c4 bxc4 34.bxc4 Rd8
35.Rcd1 Kf8 36.Kf1 g6 37.Nb4 1-0

[Event "30. Augsburger Friedensfest-Open"]
[Site "Augsburg"]
[Date "2025.08.08"]
[Round "3.43"]
[White "Hotman, Cagan Arhan"]
[Black "Stempfle, Tobias"]
[Result "1-0"]
[WhiteElo "1961"]
[BlackElo "1746"]
[EventDate "2025.08.07"]
[Time "09:30:00"]
[WhiteNrv "1961"]
[BlackNrv "1746"]
[WhiteTwz "1961"]
[BlackTwz "1746"]
[WhiteFideId "44565798"]
[BlackFideId "24698482"]
[WhiteNatFedId "10804822"]
[BlackNatFedId "10215172"]
[WhiteAttr "M"]
[BlackAttr "M"]
[WhiteTeam "SK Ingolstadt"]
[BlackTeam "SC Garching 1980 e.V."]

1.e4 c6 2.d4 d5 3.Nd2 dxe4 4.Nxe4 Nf6 5.Nxf6+ exf6 6.c3 Bd6 7.Bd3 O-O 8.
Qc2 Re8+ 9.Ne2 h5 10.O-O h4 11.h3 Nd7 12.Bd2 Nf8 13.Rae1 Be6 14.f4 Qc7 15.
f5 Bd7 16.Qd1 Re7 17.Nf4 Rae8 18.Rxe7 Bxe7 19.Qh5 Qc8 20.Bc4 Be6 21.fxe6 
fxe6 22.Nxe6 Nxe6 23.Bxe6+ Qxe6 24.Qxe8+ Kh7 25.Re1 1-0

[Event "30. Augsburger Friedensfest-Open"]
[Site "Augsburg"]
[Date "2025.08.08"]
[Round "3.44"]
[White "Fuertler, Oliver"]
[Black "Lohr, Alexander"]
[Result "1-0"]
[WhiteElo "1959"]
[BlackElo "1692"]
[EventDate "2025.08.07"]
[Time "09:30:00"]
[WhiteNrv "1959"]
[BlackNrv "1692"]
[WhiteTwz "1959"]
[BlackTwz "1692"]
[WhiteFideId "1682490"]
[BlackFideId "16297865"]
[BlackNatFedId "10578753"]
[WhiteAttr "M"]
[BlackAttr "M"]
[WhiteTeam "?"]
[BlackTeam "FC Ergolding 1932 e.V."]

1.Nf3 Nf6 2.g3 d5 3.Bg2 e6 4.O-O Be7 5.d3 O-O 6.Nbd2 c5 7.e4 Nc6 8.Re1 b5 
9.h4 a5 10.e5 Nd7 11.Nf1 b4 12.h5 Ba6 13.Bf4 a4 14.a3 bxa3 15.bxa3 Rb8 16.
h6 g6 17.c4 dxc4 18.dxc4 Nb6 19.Qc2 Bxc4 20.Red1 Qc7 21.N1d2 Bd5 22.Qc3 
Rfd8 23.Rac1 Nd7 24.Qe3 Na5 25.Bg5 Bxg5 26.Qxg5 Re8 27.Qf4 f6 28.Qxa4 fxe5
29.Ng5 Bxg2 30.Kxg2 Qc6+ 31.Qxc6 Nxc6 32.Nde4 Nd4 33.Nxc5 Nf6 34.Nce4 Nd5 
35.Rc5 Rb2 36.Rxd5 exd5 37.Nf6+ Kf8 38.Ngxh7+ Kf7 39.Nxe8 Kxe8 40.Nf6+ Kf7
41.Rh1 Rb8 42.Nxd5 Rh8 43.g4 Ke6 44.Nc3 g5 45.Ne4 Ne2 46.Nxg5+ Kf6 47.Ne4+
Kg6 48.a4 Nf4+ 49.Kg3 Ne2+ 50.Kf3 Nf4 51.h7 Rd8 52.g5 Kf5 53.Ng3+ 1-0

[Event "30. Augsburger Friedensfest-Open"]
[Site "Augsburg"]
[Date "2025.08.08"]
[Round "3.45"]
[White "Peck, Malcolm"]
[Black "Kapfer, Ulrich"]
[Result "1-0"]
[WhiteElo "1799"]
[BlackElo "1952"]
[EventDate "2025.08.07"]
[Time "09:30:00"]
[WhiteNrv "1799"]
[BlackNrv "1952"]
[WhiteTwz "1799"]
[BlackTwz "1952"]
[WhiteFideId "12902756"]
[BlackFideId "12908371"]
[WhiteNatFedId "10161218"]
[BlackNatFedId "10099745"]
[WhiteAttr "M"]
[BlackAttr "M"]
[WhiteTeam "SK Koenigsbrunn"]
[BlackTeam "SC Dillingen"]

1.d4 e6 2.Nf3 Nf6 3.Bg5 Be7 4.c4 d5 5.Nc3 c6 6.e3 Nbd7 7.Bd3 a6 8.O-O O-O 
9.Qe2 Re8 10.Rad1 dxc4 11.Bxc4 Nd5 12.Nxd5 exd5 13.Bxe7 Qxe7 14.Bb3 a5 15.
Rfe1 Nf6 16.Bc2 Bg4 17.h3 Bh5 18.g4 Bg6 19.Bxg6 hxg6 20.Ne5 g5 21.f3 Nd7 
22.Nxd7 Qxd7 23.Qh2 Re6 24.e4 dxe4 25.fxe4 Rae8 26.d5 cxd5 27.Qc2 d4 28.
Qd3 Rd8 29.Re2 Qc6 30.Rde1 Qd6 31.e5 Qd5 32.Qf5 d3 33.Rd2 f6 34.Rxd3 Qxd3 
35.Qxe6+ Kh8 36.Kf2 Qxh3 37.exf6 Rd2+ 38.Re2 Qh2+ 39.Kf1 Rd1+ 40.Re1 Qh1+ 
41.Kf2 Rd2+ 42.Re2 Qh2+ 43.Kf1 Rd1+ 44.Re1 Qf4+ 45.Kg2 Rxe1 46.fxg7+ Kxg7 
47.Qxe1 Qxg4+ 48.Kf1 Qf3+ 49.Kg1 Kh6 50.Qxa5 Qd1+ 51.Kf2 Qc2+ 52.Kf3 Qxb2 
53.Qd5 Qf6+ 54.Kg2 Qb6 55.Qc4 Kh5 56.Qf7+ Kg4 57.Qf3+ 1-0

[Event "30. Augsburger Friedensfest-Open"]
[Site "Augsburg"]
[Date "2025.08.08"]
[Round "3.46"]
[White "Laag, Pascal Benedikt"]
[Black "Eichschmied, Patrick"]
[Result "0-1"]
[WhiteElo "1760"]
[BlackElo "1951"]
[EventDate "2025.08.07"]
[Time "09:30:00"]
[WhiteNrv "1760"]
[BlackNrv "1951"]
[WhiteTwz "1760"]
[BlackTwz "1951"]
[WhiteFideId "16256069"]
[BlackFideId "24683663"]
[WhiteNatFedId "10591865"]
[BlackNatFedId "10043123"]
[WhiteAttr "*"]
[BlackAttr "M"]
[WhiteTeam "SK Zweibruecken"]
[BlackTeam "MTV Ingolstadt"]

1.d4 Nf6 2.Bf4 e6 3.e3 c5 4.Nd2 cxd4 5.exd4 b6 6.h4 Bb7 7.Ngf3 Be7 8.c3 d6
9.Bd3 Nbd7 10.Qe2 a6 11.h5 h6 12.O-O-O b5 13.g4 Rc8 14.Kb1 Nd5 15.Bh2 Rxc3
16.Ne4 Rc6 17.g5 hxg5 18.Nfxg5 Bxg5 19.Nxd6+ Rxd6 20.Bxd6 N7b6 21.Bc5 Na4 
22.Qg4 Nf4 23.Bc2 Bxh1 24.Rxh1 Nxc5 25.dxc5 Qd5 26.Rg1 Rxh5 27.Rc1 Rh1 28.
Bd1 Nd3 29.Bf3 Rxc1# 0-1

[Event "30. Augsburger Friedensfest-Open"]
[Site "Augsburg"]
[Date "2025.08.08"]
[Round "3.47"]
[White "Oezkurt, Kaan"]
[Black "Gradl, Winfried"]
[Result "1-0"]
[WhiteElo "1751"]
[BlackElo "1945"]
[EventDate "2025.08.07"]
[Time "09:30:00"]
[WhiteNrv "1751"]
[BlackNrv "1945"]
[WhiteTwz "1751"]
[BlackTwz "1945"]
[WhiteFideId "34655182"]
[BlackFideId "4648030"]
[WhiteNatFedId "10722110"]
[BlackNatFedId "10064910"]
[WhiteAttr "M"]
[BlackAttr "M"]
[WhiteTeam "SK Freising"]
[BlackTeam "SAbt TuS Fuerstenfeldbruck"]

1.e4 c6 2.d4 d5 3.exd5 cxd5 4.Bd3 Nc6 5.c3 Nf6 6.Bf4 g6 7.Nd2 Bf5 8.Bxf5 
gxf5 9.Ngf3 e6 10.O-O Bd6 11.Bxd6 Qxd6 12.Re1 Ne4 13.Ne5 f6 14.Qh5+ Ke7 
15.Qf7+ Kd8 16.Qxb7 fxe5 17.Qxa8+ Nb8 18.Nxe4 fxe4 19.Qxa7 Rf8 20.dxe5 
Qxe5 21.f3 Nc6 22.Qa8+ Nb8 23.fxe4 Qf4 24.Qa7 Nc6 25.Qb6+ Kd7 26.Rf1 Qh6 
27.Qb7+ Kd6 28.Rxf8 Qxf8 29.e5+ 1-0

[Event "30. Augsburger Friedensfest-Open"]
[Site "Augsburg"]
[Date "2025.08.08"]
[Round "3.48"]
[White "Schmid, Bernhard"]
[Black "Schaefer, Ann-Kathrin"]
[Result "1-0"]
[WhiteElo "2011"]
[BlackElo "1791"]
[EventDate "2025.08.07"]
[Time "09:30:00"]
[WhiteNrv "2011"]
[BlackNrv "1791"]
[WhiteTwz "2011"]
[BlackTwz "1791"]
[WhiteFideId "12915467"]
[BlackFideId "24615412"]
[WhiteNatFedId "10191977"]
[BlackNatFedId "10186026"]
[WhiteAttr "M"]
[BlackAttr "W"]
[WhiteTeam "SK Kelheim 1920"]
[BlackTeam "SC JAeKLECHEMIE Talente Franken e"]

1.d4 Nf6 2.c4 g6 3.Nc3 Bg7 4.e4 d6 5.Be2 O-O 6.Bg5 h6 7.Be3 e5 8.d5 Nbd7 
9.f3 a5 10.Qd2 Kh7 11.g4 Ne8 12.h4 Nc5 13.O-O-O Bd7 14.Nh3 f6 15.Rdg1 Rh8 
16.f4 exf4 17.Nxf4 Qe7 18.h5 gxh5 19.Nxh5 Nxe4 20.Nxe4 Qxe4 21.Bd3 1-0

[Event "30. Augsburger Friedensfest-Open"]
[Site "Augsburg"]
[Date "2025.08.08"]
[Round "3.49"]
[White "Fridlin, Daniel"]
[Black "Barsov, Vladislav"]
[Result "0-1"]
[WhiteElo "1770"]
[BlackElo "2005"]
[EventDate "2025.08.07"]
[Time "09:30:00"]
[WhiteNrv "1770"]
[BlackNrv "2005"]
[WhiteTwz "1770"]
[BlackTwz "2005"]
[WhiteFideId "34602763"]
[BlackFideId "34613757"]
[WhiteNatFedId "10723898"]
[BlackNatFedId "10722198"]
[WhiteAttr "M"]
[BlackAttr "M"]
[WhiteTeam "SC Noris-Tarrasch Nuernberg 1873"]
[BlackTeam "SK Graefelfing"]

1.e4 e6 2.d4 d5 3.Nd2 Nc6 4.Ngf3 Nf6 5.e5 Nd7 6.c3 f6 7.exf6 Qxf6 8.Bd3 
Bd6 9.O-O O-O 10.Qe2 e5 11.dxe5 Ndxe5 12.Bc2 Bg4 13.Bb3 Ne7 14.c4 N7g6 15.
Qe3 Bxf3 16.Nxf3 dxc4 17.Nxe5 Nxe5 18.Bc2 Qh4 19.h3 Rae8 20.Qg5 Qxg5 21.
Bxg5 Nd3 22.b3 Re2 23.Bxd3 cxd3 24.Be3 Be5 25.Rad1 Rd8 26.Rd2 Bc3 27.Rdd1 
Rxa2 28.Rb1 a6 29.Rfd1 Rb2 30.Rxb2 Bxb2 31.Bd2 c5 32.Re1 Kf7 33.f4 b5 34.
Rb1 Bd4+ 35.Kf1 c4 0-1

[Event "30. Augsburger Friedensfest-Open"]
[Site "Augsburg"]
[Date "2025.08.08"]
[Round "3.50"]
[White "Seisenberger, Georg"]
[Black "Turba, Raffael"]
[Result "1-0"]
[WhiteElo "2002"]
[BlackElo "1752"]
[EventDate "2025.08.07"]
[Time "09:30:00"]
[WhiteNrv "2002"]
[BlackNrv "1752"]
[WhiteTwz "2002"]
[BlackTwz "1752"]
[WhiteFideId "12903574"]
[BlackFideId "34612980"]
[WhiteNatFedId "10206064"]
[BlackNatFedId "10740124"]
[WhiteAttr "M"]
[BlackAttr "*"]
[WhiteTeam "SV Ilmmuenster"]
[BlackTeam "SK 1926 Noerdlingen-Ries"]

1.d4 f5 2.Bg5 Nf6 3.Bxf6 exf6 4.c4 d5 5.e3 c6 6.Qb3 Qb6 7.Nc3 Bb4 8.cxd5 
Bxc3+ 9.Qxc3 Bd7 10.Bc4 cxd5 11.Bxd5 Bc6 12.Bxc6+ Nxc6 13.Ne2 Qa6 14.Qb3 
Kf8 15.Rc1 Re8 16.Qc4 Qa5+ 17.Rc3 Qd8 18.O-O g5 19.Qc5+ Kg7 20.Qxf5 Qd6 
21.Qc5 1-0

[Event "30. Augsburger Friedensfest-Open"]
[Site "Augsburg"]
[Date "2025.08.08"]
[Round "3.51"]
[White "Turba, Vincent"]
[Black "Galje, Hans"]
[Result "0-1"]
[WhiteElo "1668"]
[BlackElo "1934"]
[EventDate "2025.08.07"]
[Time "09:30:00"]
[WhiteNrv "1668"]
[BlackNrv "1934"]
[WhiteTwz "1668"]
[BlackTwz "1934"]
[WhiteFideId "34612998"]
[BlackFideId "1003240"]
[WhiteNatFedId "10740126"]
[WhiteAttr "M"]
[BlackAttr "M"]
[WhiteTeam "SK 1926 Noerdlingen-Ries"]
[BlackTeam "?"]

1.c4 Nf6 2.g3 c5 3.Bg2 d5 4.cxd5 Nxd5 5.Nc3 Nc7 6.Nf3 Nc6 7.O-O e5 8.d3 
Be7 9.Be3 Bd7 10.Rc1 O-O 11.Ne4 b6 12.Ned2 f6 13.Nc4 Be6 14.Ne1 Qd7 15.f4 
Nd5 16.f5 Bf7 17.Bd2 Rac8 18.a3 Nd4 19.e3 Nc6 20.Bxd5 Qxd5 21.e4 Qd7 22.
Bc3 Rfd8 23.g4 Bxc4 0-1

[Event "30. Augsburger Friedensfest-Open"]
[Site "Augsburg"]
[Date "2025.08.08"]
[Round "4.1"]
[White "Bilchinski, Anton"]
[Black "Blodig, Vincent"]
[Result "1/2-1/2"]
[WhiteElo "2162"]
[BlackElo "2054"]
[EventDate "2025.08.07"]
[Time "15:30:00"]
[WhiteNrv "2162"]
[BlackNrv "2054"]
[WhiteTwz "2162"]
[BlackTwz "2054"]
[WhiteTitle "FM"]
[BlackTitle ""]
[WhiteFideId "24615765"]
[BlackFideId "16297857"]
[WhiteNatFedId "10254221"]
[BlackNatFedId "10680650"]
[WhiteAttr "M"]
[BlackAttr "M"]
[WhiteTeam "SC Eppingen"]
[BlackTeam "SF Augsburg"]

1.Nf3 d5 2.g3 Nd7 3.d4 Ngf6 4.Bg2 b5 5.O-O e6 6.Nbd2 Bb7 7.b3 c5 8.c4 dxc4
9.bxc4 b4 10.e3 Be7 11.a3 a5 12.Bb2 O-O 13.axb4 axb4 14.Qb3 Qc7 15.Rfc1 
Rfc8 16.Ne1 Bxg2 17.Kxg2 Rxa1 18.Bxa1 Ne8 19.Nd3 Bf6 20.Ne4 cxd4 21.Nxf6+ 
Nexf6 22.exd4 Nb6 23.Qxb4 Nxc4 24.Kg1 Nd5 25.Qb3 Ndb6 26.Ne5 f6 27.Nxc4 
Nxc4 28.Qb5 Qc6 29.Qxc6 Rxc6 30.Bb2 Kf7 31.Kg2 Ke7 32.Ba3+ Kd7 33.Bc5 Nb6 
34.Rb1 Nd5 35.Rb8 Rc8 36.Rb7+ Rc7 37.Rb8 f5 38.Rh8 Nf6 39.f3 Rc8 40.Rxc8 
Kxc8 41.Bd6 g6 42.Be5 Ng8 43.g4 Nh6 44.Kg3 Kd7 45.Kf4 Nf7 46.gxf5 exf5 47.
d5 Ke7 48.h4 Kd7 49.Bb8 Kd8 50.Ba7 Kc8 51.Bc5 Kc7 52.h5 Kd7 53.hxg6 hxg6 
54.Bb4 Kc7 55.Be7 Kb6 56.Ke3 Kb7 57.Kd4 Kc7 58.f4 Kd7 59.Bf8 Ke8 60.Bb4 
Kd8 61.Bc5 Kc7 62.Be7 Nh6 63.Ke5 Kd7 64.Bb4 Ng4+ 65.Kd4 Nf2 66.Ba3 Ke8 67.
Bd6 Ne4 68.Ke5 Kf7 69.Bc7 Ke7 70.Ba5 Nf2 71.Bb4+ Kf7 72.Kd6 Ne4+ 73.Kc6 g5
74.fxg5 Kg6 75.d6 Nxd6 76.Kxd6 Kxg5 77.Bd2+ f4 78.Bxf4+ 1/2-1/2

[Event "30. Augsburger Friedensfest-Open"]
[Site "Augsburg"]
[Date "2025.08.08"]
[Round "4.2"]
[White "Lupor, Andre"]
[Black "Yaroshenko, Yaroslav"]
[Result "1-0"]
[WhiteElo "2276"]
[BlackElo "1918"]
[EventDate "2025.08.07"]
[Time "15:30:00"]
[WhiteNrv "2276"]
[BlackNrv "1918"]
[WhiteTwz "2276"]
[BlackTwz "1918"]
[WhiteTitle "FM"]
[WhiteFideId "4680103"]
[BlackFideId "16204905"]
[BlackNatFedId "10277356"]
[WhiteAttr "M"]
[BlackAttr "M"]
[WhiteTeam "?"]
[BlackTeam "SK Graefelfing"]

1.d4 g6 2.c4 Bg7 3.Nf3 d6 4.e4 Nc6 5.Be2 e5 6.Bg5 f6 7.Be3 f5 8.exf5 Bxf5 
9.Nc3 exd4 10.Nxd4 Nxd4 11.Bxd4 Bxd4 12.Qxd4 Qf6 13.Qd2 O-O-O 14.O-O Ne7 
15.Rad1 h5 16.b4 Bg4 17.Rfe1 Rhe8 18.h3 Bd7 19.Bf3 Bxh3 20.Rxe7 Qxe7 21.
gxh3 Qh4 22.Qd3 Re5 23.Bg2 Rf8 24.Rf1 g5 25.Nd5 Re1 26.Qd2 Rxf1+ 27.Bxf1 
g4 28.Qe3 Kd7 29.Qd4 Qg5 30.h4 Qg6 31.Bd3 Qe6 32.Kg2 b6 33.b5 Rf7 34.Be4 
g3 35.fxg3 Qg4 36.Qe3 Qd1 37.Nf4 Re7 38.Qd3 Qa1 39.Qd5 Qxa2+ 40.Kh3 1-0

[Event "30. Augsburger Friedensfest-Open"]
[Site "Augsburg"]
[Date "2025.08.08"]
[Round "4.3"]
[White "Schork, Stefan"]
[Black "Arun Kataria"]
[Result "0-1"]
[WhiteElo "2124"]
[BlackElo "2308"]
[EventDate "2025.08.07"]
[Time "15:30:00"]
[WhiteNrv "2124"]
[BlackNrv "2308"]
[WhiteTwz "2124"]
[BlackTwz "2308"]
[BlackTitle "FM"]
[WhiteFideId "4667590"]
[BlackFideId "46630368"]
[WhiteNatFedId "10198152"]
[WhiteAttr "M"]
[BlackAttr "M"]
[WhiteTeam "SC Pforzheim 1906"]
[BlackTeam "?"]

1.Nf3 c5 2.b3 Nf6 3.Bb2 b6 4.g3 Bb7 5.Bg2 d6 6.c4 e6 7.O-O Be7 8.d4 O-O 9.
Nc3 Nbd7 10.d5 exd5 11.cxd5 Re8 12.Nd2 Rb8 13.a4 a6 14.e4 Bf8 15.Qc2 Bc8 
16.Nc4 Qc7 17.h3 b5 18.axb5 axb5 19.Na5 Ba6 20.Nc6 Ra8 21.Rfe1 Qb6 22.Kh2 
Bb7 23.Rxa8 Bxa8 24.Qd2 c4 25.bxc4 bxc4 26.Ba3 Nc5 27.Rb1 Nb3 28.Qf4 Nh5 
29.Qf5 g6 30.Qd7 Nf6 31.Qa7 Qxa7 32.Nxa7 Nd2 33.Rb2 Nb3 34.Nab5 Nc5 35.
Bxc5 dxc5 36.Ra2 Bb7 37.f4 Nd7 38.Ra7 Rb8 39.e5 Nb6 40.d6 Bc8 41.Nc7 h5 
42.Bc6 h4 43.Ne4 hxg3+ 44.Kxg3 Bf5 45.Nf6+ Kh8 46.Na6 Rd8 47.Rxf7 Bg7 48.
Nxc5 c3 49.Nb3 Be6 50.Rb7 Bxb3 51.Rxb6 c2 52.Rxb3 c1=Q 53.Bf3 Qe1+ 54.Kg4 
Bxf6 55.exf6 Qe6+ 0-1

[Event "30. Augsburger Friedensfest-Open"]
[Site "Augsburg"]
[Date "2025.08.08"]
[Round "4.4"]
[White "Boehm, Korbinian"]
[Black "Duong, Quang Bach"]
[Result "0-1"]
[WhiteElo "1928"]
[BlackElo "2234"]
[EventDate "2025.08.07"]
[Time "15:30:00"]
[WhiteNrv "1928"]
[BlackNrv "2234"]
[WhiteTwz "1928"]
[BlackTwz "2234"]
[WhiteFideId "16211561"]
[BlackFideId "16287045"]
[WhiteNatFedId "10019245"]
[BlackNatFedId "10626174"]
[WhiteAttr "M"]
[BlackAttr "M"]
[WhiteTeam "Sportfr.Windach e.V.1923"]
[BlackTeam "SF Augsburg"]

1.d4 Nf6 2.Bf4 g6 3.Nc3 d5 4.e3 Bg7 5.Be2 O-O 6.h4 h5 7.Qd2 c5 8.Nf3 Nc6 
9.Ne5 cxd4 10.exd4 Bf5 11.Nxc6 bxc6 12.Be5 Ne4 13.Nxe4 dxe4 14.Bxg7 Kxg7 
15.Qc3 Qd5 16.O-O Kh7 17.Rad1 Rad8 18.Bc4 Qd6 19.Rd2 Qf6 20.g3 c5 21.d5 
Qxc3 22.bxc3 Rb8 23.Bb3 Bg4 24.d6 e6 25.Re1 Bf3 26.d7 Kg7 27.Rd6 Rfd8 28.
Kf1 Kf6 29.Ba4 Rb2 30.Ra1 Ke7 31.Ra6 Rdb8 32.Ke1 R2b7 33.c4 e5 34.Kd2 Bg4 
35.Re1 Bxd7 36.Rxe4 f6 37.f4 Bxa4 38.Rxa4 Rd8+ 39.Kc3 Ke6 40.Re3 Rd1 41.
Ra6+ Rd6 42.Ra5 Rc7 43.Rb5 Kf5 44.fxe5 Re6 45.Rf3+ Kg4 46.Rd3 Rxe5 47.Rb1 
Rce7 0-1

[Event "30. Augsburger Friedensfest-Open"]
[Site "Augsburg"]
[Date "2025.08.08"]
[Round "4.5"]
[White "Brand, Leonhard"]
[Black "Boehme, Markus"]
[Result "0-1"]
[WhiteElo "2052"]
[BlackElo "2212"]
[EventDate "2025.08.07"]
[Time "15:30:00"]
[WhiteNrv "2052"]
[BlackNrv "2212"]
[WhiteTwz "2052"]
[BlackTwz "2212"]
[WhiteFideId "34649646"]
[BlackFideId "12946850"]
[WhiteNatFedId "10655780"]
[BlackNatFedId "10259261"]
[WhiteAttr "M"]
[BlackAttr "M"]
[WhiteTeam "SK Freising"]
[BlackTeam "SC Uttenreuth e.V."]

1.e4 e5 2.Nf3 Nc6 3.Nc3 Nf6 4.d4 exd4 5.Nxd4 Bb4 6.Nxc6 bxc6 7.Bd3 O-O 8.
O-O d5 9.exd5 cxd5 10.h3 Rb8 11.Be3 a5 12.Na4 Re8 13.c3 Bd6 14.a3 Ne4 15.
b4 Qh4 16.Ra2 Bxh3 17.gxh3 Qxh3 18.f3 Ng3 19.Rh2 Qxh2+ 20.Kxh2 Nxf1+ 21.
Kg1 Nxe3 22.Qc1 Re5 23.Kf2 Rbe8 24.bxa5 Rg5 25.f4 Rg4 26.Qxe3 Rxe3 27.Kxe3
Rxf4 28.c4 d4+ 29.Kd2 Rf2+ 30.Kc1 c6 31.a6 Bb8 32.Nb6 Ra2 33.a4 Ra1+ 34.
Kb2 Re1 35.c5 Re5 36.Nd7 Re8 37.Kb3 Ba7 38.Kc4 h5 39.Bf5 Rd8 40.Ne5 Rd5 
41.Nxc6 Rxc5+ 0-1

[Event "30. Augsburger Friedensfest-Open"]
[Site "Augsburg"]
[Date "2025.08.08"]
[Round "4.6"]
[White "Poetsch, Hagen"]
[Black "Foerch, Benedikt"]
[Result "1-0"]
[WhiteElo "2479"]
[BlackElo "2114"]
[EventDate "2025.08.07"]
[Time "15:30:00"]
[WhiteNrv "2479"]
[BlackNrv "2114"]
[WhiteTwz "2479"]
[BlackTwz "2114"]
[WhiteTitle "GM"]
[WhiteFideId "24615137"]
[BlackFideId "16228758"]
[WhiteNatFedId "10165992"]
[BlackNatFedId "10052041"]
[WhiteAttr "M"]
[BlackAttr "M"]
[WhiteTeam "SC Heusenstamm"]
[BlackTeam "SK Neuburg"]

1.e4 c6 2.d4 d5 3.e5 c5 4.dxc5 e6 5.Bd3 Nc6 6.Nf3 Bxc5 7.a3 Bd7 8.b4 Be7 
9.O-O a6 10.Nbd2 b5 11.Nb3 Qb8 12.Re1 Bd8 13.Nc5 Bc7 14.Bb2 Nge7 15.c4 
bxc4 16.Bxc4 Bc8 17.Bd3 Ng6 18.Qa4 Ne7 19.Nd4 Qb6 20.Bb5 axb5 21.Qxa8 O-O 
22.Nxc6 Nxc6 23.Rac1 Ne7 24.a4 bxa4 25.Qxa4 Nf5 26.b5 Bd8 27.Ba3 Re8 28.
Qa8 Bh4 29.Qc6 Qxc6 30.bxc6 Nd4 31.Nb7 Nxc6 32.Nd6 Bd7 33.Nxe8 Bxe8 34.
Rxc6 Bxc6 35.Rc1 Bd7 36.Rc7 Be8 37.Rc8 1-0

[Event "30. Augsburger Friedensfest-Open"]
[Site "Augsburg"]
[Date "2025.08.08"]
[Round "4.7"]
[White "Hoepfl, Thomas Dr."]
[Black "Fresser, Stefan"]
[Result "1-0"]
[WhiteElo "2194"]
[BlackElo "1944"]
[EventDate "2025.08.07"]
[Time "15:30:00"]
[WhiteNrv "2194"]
[BlackNrv "1944"]
[WhiteTwz "2194"]
[BlackTwz "1944"]
[WhiteTitle "FM"]
[WhiteFideId "4615182"]
[BlackFideId "12987123"]
[WhiteNatFedId "10086024"]
[BlackNatFedId "10053941"]
[WhiteAttr "M"]
[BlackAttr "M"]
[WhiteTeam "SV Saalespringer Halle"]
[BlackTeam "SF Neuberg"]

1.e4 c6 2.d4 d5 3.e5 Bf5 4.Nd2 e6 5.Nb3 Nd7 6.Nf3 c5 7.dxc5 Bxc5 8.Nxc5 
Qa5+ 9.c3 Qxc5 10.Be3 Qc7 11.Be2 Ne7 12.O-O Nxe5 13.Nxe5 Qxe5 14.Bd4 Qd6 
15.Bxg7 Rg8 16.Bf6 Rg6 17.Bh4 O-O-O 18.Qa4 a6 19.c4 Qf4 20.Bg3 Qd2 21.Bf3 
Bc2 22.Qa3 Nc6 23.cxd5 exd5 24.Rac1 f5 25.Qc5 Be4 26.Bxe4 fxe4 27.Rfd1 
Qxb2 28.Qe7 Qg7 29.Qc5 Qb2 30.Rc2 Qb5 31.Qe3 Rxg3 32.hxg3 Kb8 33.Rc5 Qa4 
34.Rdc1 d4 35.Qxe4 d3 36.Qxa4 1-0

[Event "30. Augsburger Friedensfest-Open"]
[Site "Augsburg"]
[Date "2025.08.08"]
[Round "4.8"]
[White "Garcia Ramos, Marcos"]
[Black "Frenkel, Matthias"]
[Result "1-0"]
[WhiteElo "2180"]
[BlackElo "1925"]
[EventDate "2025.08.07"]
[Time "15:30:00"]
[WhiteNrv "2180"]
[BlackNrv "1925"]
[WhiteTwz "2180"]
[BlackTwz "1925"]
[WhiteFideId "2237601"]
[BlackFideId "34619267"]
[WhiteNatFedId "10282965"]
[BlackNatFedId "10437364"]
[WhiteAttr "M"]
[BlackAttr "M"]
[WhiteTeam "SC 1934 Gelnhausen"]
[BlackTeam "SK Kriegshaber"]

1.e4 e6 2.d4 d5 3.Nc3 Nf6 4.Bg5 h6 5.Bxf6 Qxf6 6.exd5 Bb4 7.Bd3 Bxc3+ 8.
bxc3 exd5 9.Ne2 Nd7 10.Qd2 Nb6 11.Qf4 Qxf4 12.Nxf4 Bd7 13.Kd2 O-O-O 14.f3 
g6 15.g4 Rde8 16.Rae1 Kd8 17.h4 Rhg8 18.Rxe8+ Rxe8 19.g5 Rh8 20.h5 hxg5 
21.hxg6 Rg8 22.g7 Rxg7 23.Rh8+ Ke7 24.Nh5 Rg6 25.Bxg6 fxg6 26.Rh7+ Ke6 27.
Ng3 Nc4+ 28.Ke2 Kd6 29.Rg7 Be8 30.Nf1 Kc6 31.Ne3 Nd6 32.Re7 Bd7 33.Rg7 Be8
34.Ng4 Nf5 35.Rg8 Kd7 36.Nf6+ 1-0